|
|
|
|
| LEADER |
02814nim a2200517 i 4500 |
| 001 |
001574707 |
| 003 |
CZ BrMZK |
| 005 |
20170620090604.0 |
| 007 |
sd fungnnmmned |
| 008 |
170503t20142014xr ||nne n cze |
| 015 |
|
|
|a cnb002755715
|
| 040 |
|
|
|a BOA001
|b cze
|e rda
|
| 072 |
|
7 |
|a 821
|x Literatura v různých jazycích
|2 Konspekt
|9 25
|
| 080 |
|
|
|a 821.222.5-1
|2 MRF
|
| 080 |
|
|
|a 821.411.172.3-1
|2 MRF
|
| 080 |
|
|
|a 821.134.2(729.1)-1
|2 MRF
|
| 080 |
|
|
|a (0:82-1)
|2 MRF
|
| 080 |
|
|
|a (086.76)
|2 MRF
|
| 245 |
0 |
0 |
|a Na strunách naděje I. /
|c Ahmed Aríf, Hosam Melhem, Jorge Olivera Castillo, Ondřej Fuciman
|
| 246 |
3 |
|
|a Agadir: Na strunách naděje I.
|
| 264 |
|
1 |
|a [Brno] :
|b Agadir,
|c [2014]
|
| 300 |
|
|
|a 1 CD audio ;
|c 12 cm
|
| 336 |
|
|
|a mluvené slovo
|b spw
|2 rdacontent
|
| 337 |
|
|
|a audio
|b s
|2 rdamedia
|
| 338 |
|
|
|a audiodisk
|b sd
|2 rdacarrier
|
| 344 |
|
|
|a digital
|b optical
|2 rda
|
| 347 |
|
|
|a audio soubor
|b CD audio
|2 rda
|
| 500 |
|
|
|a Název z disku
|
| 500 |
|
|
|a "Text: Ahmed Aríf, Hosam Melhem, Jorge Olivera Castillo. Hudba: Ondřej Fuciman"--Pouzdro
|
| 505 |
0 |
|
|a Mezi konci -- Záchrana -- Bez fauny a flóry -- Máš hřích -- To nezapomenutelné -- Rána dějinám -- Touhou po tobě mi pouta zrezivěla -- Drzost -- Sen nebo vlast -- Čím jsme v rodné zemi -- Silvestr a odložená sebevražda -- Zdání věčné pouti -- Nadpřirozený -- 2008 -- Tebe, moci volat tebe -- Ukolébavka pro mého Adiloše -- Rozkvétá krvavě rudá růže -- Tresty a odměny -- Náš hřích -- Halucinace -- Zahlédneme světlo -- Totalita -- Tvá láska -- Kdy přijde jaro -- Vězeň -- Studna -- Věčné uvěznění -- Přesvědčování -- Setkání s matkou -- Otec -- Navrhuji -- Souboj na život a na smrt -- Nostalgie -- Přízraky a já -- Trny -- Zoufalství s dávkou naděje -- Hlupákova moudrost -- Pozdní odpoledne -- Pocit osamění -- Cesta
|
| 511 |
0 |
|
|a V podání členů Divadla hudby a poezie Agadir
|
| 655 |
|
7 |
|a kurdská poezie
|7 fd738865
|2 czenas
|
| 655 |
|
7 |
|a syrská poezie
|7 fd689604
|2 czenas
|
| 655 |
|
7 |
|a kubánská poezie
|7 fd183472
|2 czenas
|
| 655 |
|
7 |
|a kompaktní disky
|7 fd201991
|2 czenas
|
| 700 |
0 |
|
|a Ahmed Arif,
|d 1927-1991
|7 xx0160388
|4 aut
|
| 700 |
1 |
|
|a Mulḥam, Ḥisām
|7 jo2012688916
|4 aut
|
| 700 |
1 |
|
|a Olivera Castillo, Jorge,
|d 1961-
|7 pna2010603390
|4 aut
|
| 700 |
1 |
|
|a Fuciman, Ondřej
|7 jo2015896770
|4 cmp
|4 itr
|4 oth
|
| 700 |
1 |
|
|a Fuciman, Ondřej
|7 jo2015896770
|4 cmp
|4 itr
|4 oth
|
| 710 |
2 |
|
|a Divadlo hudby a poezie Agadir
|7 osa2012711785
|4 prf
|
| 910 |
|
|
|a BOA001
|b CDR-1387.580
|
| 990 |
|
|
|a AV
|
| 991 |
|
|
|b 201706
|c NOV
|
| 996 |
6 |
|
|b 2610706606
|c CDR-1387.580
|l MZK
|r Sklad / do 24 hodin
|n 0
|p p.v.
|w 001611159
|u 000010
|a 1
|e BOA001
|j MZK50
|s P
|
| 996 |
6 |
|
|b 2610706607
|c CDR-1387.580
|l MZK
|r Sklad / do 24 hodin
|n 0
|p p.v.
|w 001611159
|u 000020
|a 1
|e BOA001
|j MZK50
|s P
|